Sports Quiz

Random Sports Quiz

Arsenal Home Losses at the Emirates Quiz Stats

 Plays Quiz not verified by Sporcle

Challenge
Share
Tweet
Embed
Score 0/25 Timer 04:00
0 Plays Today
Date Team Name % Correct
10/05/2009Chelsea
98.8%
29/11/2009Chelsea
98.8%
29/09/2012Chelsea
98.8%
05/05/2009Manchester United
98.2%
31/01/2010Manchester United
98.2%
22/01/2012Manchester United
98.2%
29/10/2013Chelsea
97.8%
13/01/2013Manchester City
95.7%
28/08/2011Liverpool
94.9%
29/11/2011Manchester City
94.9%
20/10/2010Tottenham Hotspur
94.7%
19/02/2013FC Bayern Munich
90%
19/02/2014FC Bayern Munich
88.4%
Date Team Name % Correct
07/04/2007West Ham United
87.1%
17/08/2013Aston Villa
86.8%
15/10/2008Aston Villa
84.6%
15/05/2011Aston Villa
84.6%
07/10/2010Newcastle United
77.6%
16/02/2013Blackburn Rovers
73.9%
01/12/2012Swansea City
73.8%
24/09/2010West Bromwich Albion
67.3%
22/10/2013Borussia Dortmund
67.1%
27/09/2008Hull City
64.3%
16/04/2012Wigan Athletic
64.1%
24/10/2012FC Schalke 04
52.8%

You're not logged in!

Compare scores with friends on all Sporcle quizzes.
OR
Log In

You Might Also Like...

Show Comments

Extras

Top Quizzes Today


Score Distribution

Your Account Isn't Verified!

In order to create a playlist on Sporcle, you need to verify the email address you used during registration. Go to your Sporcle Settings to finish the process.

Report this User

Report this user for behavior that violates our Community Guidelines.

Details: